| 000 | 00548nam a2200205Ia 4500 | ||
|---|---|---|---|
| 008 | 180207s9999 xx 000 0 und d | ||
| 020 | _a9780545019248 | ||
| 050 | _bK418 2010 | ||
| 100 | _aKertell, Lynn Maslen. | ||
| 245 | _aBob books : | ||
| 245 | _bsight words : first grade / | ||
| 245 | _cby Lynn Maslen Kertell ; pictures by Dana Sullivan. | ||
| 260 | _aNew York : | ||
| 260 | _bScholastic, | ||
| 260 | _c2010 | ||
| 300 | _aunpaged : | ||
| 300 | _bcolor illustration ; | ||
| 300 | _c14cm. | ||
| 300 | _e + flashcards + 10 books. | ||
| 999 |
_c355867 _d355867 |
||